000 00246nam a2200097Ia 4500
001 815042
005 20250826171648.0
008 250824s9999 xx 000 0 und d
245 0 _a2 TAM BİR TEK
_cBÜLENT GARDİYANOĞLU
260 _bDESTEK YAYINLARI
999 _c815042
_d815042